000 00191 a2200097 4500
020 _a9789707907966
041 _aspa
100 _aIvar Da Coll
245 _aPies Para la Princesa
942 _cBK
999 _c13893
_d13893